000 01005nam a22002055i 4500
001 159821
003 ES-MaACL
005 20230906211821.0
008 990419s1898 sp ab |||| | spa d
040 _aCCPB | B
_bspa
_cCCPB | B
100 0 _aMiret y Sans, Joaquín.
_981584
245 1 0 _aRelaciones entre los Monasterios de Camprodón y Moissac
_b: noticia histórica /
_cpor Joaquín Miret y Sans.
260 _aBarcelona :
_b[s.n.],
_c1898 (
_fTip. "L'Avenç", de Massó, Casas & Elias)
300 _a89 p., [2] h. de plan. ;
_c22 cm.
510 4 _aPalau,
_ct. IX, 172400
599 1 _aLas h. de plan. son el "Plano del Monasterio de San Pedro de Camprodrón" y el "Plano de la Abadía y recinto de la Villa de Moissac", entre p. 8 y 9.
610 2 4 _aMonasterio de San Pedro de Camprodón (Gerona.
_9134691
610 2 4 _aMonasterio de Moissac.
_9134687
852 _aES-MaACL
_jT-812-F-4
_z-- Enc. hol., conservando la enc. original
_z-- Ded. ms. del autor al Ateneo
_z-- Enc. en un vol. facticio
999 _c159821
_d159821